Normal view
MARC view
- Semantics
Entry Topical Term
001 - CONTROL NUMBER
- control field: 37315
003 - CONTROL NUMBER IDENTIFIER
- control field: OSt
005 - DATE AND TIME OF LATEST TRANSACTION
- control field: 20150122112056.0
008 - FIXED-LENGTH DATA ELEMENTS
- fixed length control field: 150122|| aca||babn | a|a d
040 ## - CATALOGING SOURCE
- Original cataloging agency: OSt
150 ## - HEADING--TOPICAL TERM
- Topical term or geographic name as entry element: Semantics
450 ## - SEE FROM TRACING--TOPICAL TERM
- Topical term or geographic name entry element: Formal semantics
450 ## - SEE FROM TRACING--TOPICAL TERM
- Topical term or geographic name entry element: Semasiology
450 ## - SEE FROM TRACING--TOPICAL TERM
- Topical term or geographic name entry element: Semiology (Semantics)
550 ## - SEE ALSO FROM TRACING--TOPICAL TERM
- Topical term or geographic name entry element: Comparative linguistics
550 ## - SEE ALSO FROM TRACING--TOPICAL TERM
- Topical term or geographic name entry element: Information theory
550 ## - SEE ALSO FROM TRACING--TOPICAL TERM
- Topical term or geographic name entry element: Language and languages
550 ## - SEE ALSO FROM TRACING--TOPICAL TERM
- Topical term or geographic name entry element: Lexicology
550 ## - SEE ALSO FROM TRACING--TOPICAL TERM
- Topical term or geographic name entry element: Meaning (Psychology)